书目信息 |
| 题名: |
跨文化交际教学与研究
|
|
| 作者: | 胡文仲 著 | |
| 分册: | ||
| 出版信息: | 北京 外语教学与研究出版社 2015.07 |
|
| 页数: | 321页 | |
| 开本: | 22cm | |
| 丛书名: | ||
| 单 册: | ||
| 中图分类: | H31 | |
| 科图分类: | ||
| 主题词: | 英语 | |
| 电子资源: | ||
| ISBN: | 978-7-5135-6232-4 | |
| 000 | 00824nam0 2200205 450 | |
| 001 | 2531354214 | |
| 005 | 20250107084550.48 | |
| 010 | @a978-7-5135-6232-4@dCNY45.00 | |
| 100 | @a20250107d2015 km y0chiy0120 ea | |
| 101 | 0 | @achi |
| 102 | @aCN@b110000 | |
| 200 | 1 | @a跨文化交际教学与研究@AKua Wen Hua Jiao Ji Jiao Xue Yu Yan Jiu@f胡文仲著@FHu Wen Zhong Zhu |
| 210 | @a北京@c外语教学与研究出版社@d2015.07 | |
| 215 | @a321页@d22cm | |
| 300 | @a本书收录了胡文仲先生关于跨文化交际教学与研究的文章共27篇, 分为3个部分 : 第一部分是关于跨文化交际教学, 共10篇论文 ; 第二部分是一些研究成果以及作者对于跨文化交际研究的观点, 共8篇论文 ; 第三部分是会议发言、书评和培训等方面的文章共9篇。 | |
| 606 | 0 | @a英语 |
| 690 | @aH31@v4 | |
| 701 | 0 | @a胡文仲@AHu Wen Zhong@4著 |
| 801 | 0 | @aCN@b河南城建学院图书馆@c20250107 |
| 905 | @dH31@eH519 | |
| 跨文化交际教学与研究/胡文仲著.-北京:外语教学与研究出版社,2015.07 |
| 321页;22cm |
| 本书收录了胡文仲先生关于跨文化交际教学与研究的文章共27篇, 分为3个部分 : 第一部分是关于跨文化交际教学, 共10篇论文 ; 第二部分是一些研究成果以及作者对于跨文化交际研究的观点, 共8篇论文 ; 第三部分是会议发言、书评和培训等方面的文章共9篇。 |
| ISBN 978-7-5135-6232-4:CNY45.00 |
| ● |
| 相关链接 |
|
|
|
正题名:跨文化交际教学与研究
索取号:H31/H519
 
预约/预借
| 序号 | 登录号 | 条形码 | 馆藏地/架位号 | 状态 | 备注 |
| 1 | 1554418 | 215544187 | 外国语学院资料室/ [索取号:H31/H519] | 在馆 |